000 00393nam a22001697a 4500
003 MPLRDC
005 20220104114318.0
008 210129b ||||| |||| 00| 0 eng d
082 _a857.44 CL c.2
100 _a陈朗
245 _a雪月梅
_c
250 _a一版一刷
260 _a
_b上海古籍出版社
_c1987
300 _b
650 _a章回小说
942 _cBK
_o857.44 CL c.2
999 _c6507
_d6497